00731nam a22002657a 4500003000500000005001700005008004100022010001000063011001000073020001800083035001100101040000900112082002000121110000800141245009900149260002400248300001000272490004000282650001700322650002400339650002500363650001300388700002400401830004000425CHAP20220817044143.0070323d2006 it rn 00110 eng d a93415 a94387 a92 5 105532 7 a104975 cCHAP04a639.2bF3 v.4932 aFAO10aReview of the current state of world aquaculture insurancec/by Raymon Van Anrooy [and others] aRome :bFAO,c2006. a92 p. 0aDocumento técnico de pescav; 49314aAcuicultura.14aAcuiculturaxLeyes.14aPolítica pesquera.14aSeguros.0 aAnrooy, Raymon van.00aDocumento técnico de pescav; 493